| 000 | 00848nas a2200277 4500 | ||
|---|---|---|---|
| 001 | BR0808422 | ||
| 003 | BR-BrBNA | ||
| 005 | 20231205112848.0 | ||
| 007 | ta | ||
| 008 | 230509b bl.|||p| |||| 00| 00por d | ||
| 040 |
_aBR-BrBNA _bpor _cBiblioteca Nacional de Agricultura |
||
| 041 | _a(Pt) | ||
| 072 | _aL73 | ||
| 100 | 1 | _aOliveira, L.C. | |
| 100 | 1 | _aBrilhante, R.S.N. | |
| 100 | 1 | _aCunha, A.M.S. | |
| 100 | 1 | _aCarvalho, C.B.M. | |
| 245 | 1 | _aPerfil de isolamento microbiano em cães com otite média e externa associadas | |
| 650 | _aCÃO | ||
| 650 | _aDOENÇA ANIMAL | ||
| 650 | _aOTITE | ||
| 650 | _aMICRORGANISMO | ||
| 773 | 0 |
_tArquivo Brasileiro de Medicina Veterinária e Zootecnia (Brazil) _xISSN 0102-0935 _g(Dec 2006), v. 58(6) p. 1009-1017 _wBR0808422 |
|
| 909 |
_a202311 _bLúcia _c55 _dLúcia Elande |
||
| 942 |
_2AGRIS _n0 _cANA |
||
| 999 |
_c200454 _d200454 |
||